| 000 | 00403nam a2200169Ia 4500 | ||
|---|---|---|---|
| 001 | 14304 | ||
| 003 | IN-NITTTR | ||
| 005 | 20251114233134.0 | ||
| 008 | 251113s9999||||xx |||||||||||||| ||eng|| | ||
| 040 | _beng | ||
| 040 | _cIN-NITTTR | ||
| 041 | _aeng | ||
| 082 | _a794 G366A | ||
| 100 | _aGlifford, Clive | ||
| 245 | 0 |
_aMore adventure games for your ZX spectrum / _cGlifford, Clive |
|
| 942 |
_2ddc _cBK |
||
| 999 |
_c16940 _d16940 |
||